000
00284nam a2200121 a 4500
008
110324s1963|||| d
100
1
_a
Višváder, František
245
1
0
_a
Nepokojný kontinent
260
_b
VPL
_a
Bratislava
_c
1963
020
_c
26
041
_a
slo
044
_a
xo
_c
SK
999
_c
18494
_d
18494